[Event "Texas op (Women)"]
[Site "Lubbock"]
[Date "2008.09.27"]
[Round "2"]
[White "Romakin, Helene"]
[Black "Foisor, Sabina Francesca"]
[Result "1/2-1/2"]
[WhiteElo "2018"]
[BlackElo "2337"]
[PlyCount "126"]
[EventDate "2008.09.27"]
[EventType "swiss"]
[EventRounds "5"]
[EventCountry "USA"]
[SourceTitle "CBM 126 Extra"]
[Source "ChessBase"]
[SourceDate "2008.11.05"]
[SourceVersion "1"]
[SourceVersionDate "2008.11.05"]
[SourceQuality "1"]

1. e4 c6 2. d4 g6 3. f4 d5 4. e5 f6 5. Nf3 Nh6 6. Bd3 Bg7 7. 0-0 0-0 8. c3 Bg4 9. Qe1 Bxf3 10. Rxf3 fxe5 11. dxe5 e6 12. Be3 b6 13. Kh1 c5 14. Nd2 Nc6 15. Bf2 Qc7 16. Bh4 c4 17. Bc2 b5 18. Rh3 Nf5 19. g4 Nfe7 20. Bg5 Rf7 21. Qh4 Bh8 22. Nf3 d4 23. cxd4 Rd8 24. Rd1 Nb4 25. Bxe7 Qxe7 26. Bxg6 Rg7 27. Qxe7 Rxe7 28. Bb1 Nc6 29. Be4 Nb4 30. a3 Nd5 31. Bxd5 Rxd5 32. f5 Rc7 33. f6 c3 34. bxc3 Rxc3 35. Ng5 Rxh3 36. Nxh3 Bxf6 37. exf6 e5 38. Kg2 Kf7 39. g5 exd4 40. Kf3 h6 41. g6+ Kxf6 42. Nf4 Rd7 43. h4 a5 44. h5 b4 45. axb4 axb4 46. Ke4 b3 47. Rb1 Rb7 48. Kxd4 Rb4+ 49. Ke3 Kf5 50. Nd3 Rb7 51. Rf1+ Kg5 52. Rg1+ Kf6 53. Rf1+ Kg5 54. Rf7 Rb8 55. g7 Rg8 56. Nf4 b2 57. Rb7 Kf6 58. Rxb2 Rxg7 59. Rb6+ Kf5 60. Rxh6 Rg3+ 61. Kf2 Kxf4 62. Rf6+ Ke5 63. Kxg3 Kxf6 1/2-1/2

[Event "BL 0506 (Women)"]
[Site "Germany"]
[Date "2006.02.11"]
[Round "6.2"]
[White "Lakos, Nikoletta"]
[Black "Romakin, Helene"]
[Result "1/2-1/2"]
[WhiteElo "2260"]
[BlackElo "2035"]
[PlyCount "135"]
[EventDate "2005.10.29"]
[EventType "team-tourn"]
[EventRounds "11"]
[EventCountry "GER"]
[SourceTitle "EXT 2007"]
[Source "ChessBase"]
[SourceDate "2006.11.23"]
[SourceVersion "1"]
[SourceVersionDate "2006.11.23"]
[SourceQuality "1"]
[WhiteTeam "Halle (W)"]
[BlackTeam "Pankow (W)"]
[WhiteTeamCountry "GER"]
[BlackTeamCountry "GER"]

1. e4 c5 2. Nf3 d6 3. d4 cxd4 4. Nxd4 Nf6 5. Nc3 g6 6. Be3 Bg7 7. f3 0-0 8. Qd2 Nc6 9. Bc4 Nd7 10. h4 Nb6 11. Bb3 Na5 12. Qd3 Nxb3 13. axb3 d5 14. Nde2 Be6 15. 0-0-0 dxe4 16. Qxe4 Qc8 17. Nd4 Bd7 18. Qxe7 Re8 19. Qg5 Re5 20. Qf4 Ra5 21. Kb1 Qf8 22. Bf2 Rc8 23. Qd2 Nd5 24. Ne4 Ra6 25. c4 Nf6 26. Nc3 Rd8 27. Qc2 Qb4 28. Ncb5 Qa5 29. Na3 Nh5 30. Be1 Qc7 31. g4 Nf6 32. Bc3 Rd6 33. Nab5 Bxb5 34. Nxb5 Rxd1+ 35. Rxd1 Rxd1+ 36. Qxd1 Qb6 37. Qd4 Qxd4 38. Bxd4 a6 39. Nd6 Ne8 40. Nxe8 Bxd4 41. Nd6 b6 42. b4 Bf2 43. h5 Be1 44. b5 axb5 45. Nxb5 Kg7 46. hxg6 fxg6 47. Kc2 h5 48. Kd1 Bb4 49. gxh5 gxh5 50. Ke2 Kg6 51. f4 Bc5 52. Kf3 Kf5 53. Nc3 Bd4 54. Nd5 Bxb2 55. Nxb6 Bd4 56. Nd5 Bc5 57. Nc3 Bd6 58. Ne2 h4 59. Nd4+ Kf6 60. Nb5 Bb8 61. Nc3 h3 62. Nd5+ Kf5 63. Ne3+ Ke6 64. Nf1 Kf5 65. Ng3+ Ke6 66. Ke4 h2 67. Kf3 Kf7 68. Nh1 1/2-1/2

[Event "EU-ch U18 Girls"]
[Site "Herceg Novi"]
[Date "2005.09.22"]
[Round "8"]
[White "Romakin, Helene"]
[Black "Machalova, Erika"]
[Result "0-1"]
[WhiteElo "2047"]
[BlackElo "2078"]
[PlyCount "131"]
[EventDate "2005.09.14"]
[EventType "swiss"]
[EventRounds "9"]
[EventCountry "YUG"]
[SourceTitle "CBM 108 Extra"]
[Source "ChessBase"]
[SourceDate "2005.11.04"]
[SourceVersion "1"]
[SourceVersionDate "2005.11.04"]
[SourceQuality "1"]

1. e4 c5 2. Nf3 d6 3. d4 cxd4 4. Nxd4 Nf6 5. Nc3 a6 6. f3 e6 7. Be3 b5 8. Nb3 Qc7 9. Qd2 Nbd7 10. g4 Ne5 11. Qf2 Nfd7 12. 0-0-0 Bb7 13. Kb1 Rc8 14. Rg1 Be7 15. g5 Nc4 16. Bc1 Ndb6 17. Bd3 b4 18. Ne2 a5 19. Nbd4 Qc5 20. Rg2 a4 21. b3 Na3+ 22. Bxa3 bxa3 23. Bb5+ Kf8 24. c3 axb3 25. axb3 a2+ 26. Ka1 g6 27. Rc1 e5 28. b4 Qc7 29. Nb3 Nc4 30. Bxc4 Qxc4 31. Na5 Qa6 32. Nxb7 Qxb7 33. Rc2 Ra8 34. Nc1 Kg7 35. Rxa2 Rhc8 36. Qe3 Bd8 37. h4 Bb6 38. Qd3 Qc6 39. Rxa8 Rxa8+ 40. Ra2 Rc8 41. Kb2 Qd7 42. Ra6 Bc7 43. Ra7 Qc6 44. Qa6 Bb6 45. Na2 Bxa7 46. Qxa7 Qc4 47. Qf2 Re8 48. Kb1 Qb3+ 49. Qb2 Qd1+ 50. Qc1 Qxf3 51. Qe1 Qd3+ 52. Kb2 Qa6 53. Nc1 Qa7 54. Kc2 Qa4+ 55. Kb2 Qb5 56. Qf2 Qc6 57. Qf3 Kg8 58. Nb3 Qb6 59. Qg3 Qb5 60. Qf3 Qb6 61. Qg3 Qa6 62. Nc1 Qf1 63. Kc2 Ra8 64. Qe3 Qa6 65. Qd2 Qa4+ 66. Kb2 0-1

[Event "EU-ch U18 Girls"]
[Site "Herceg Novi"]
[Date "2005.09.21"]
[Round "7"]
[White "Romakin, Helene"]
[Black "Vega Gutierrez, Sabrina Neide"]
[Result "0-1"]
[WhiteElo "2047"]
[BlackElo "2262"]
[PlyCount "104"]
[EventDate "2005.09.14"]
[EventType "swiss"]
[EventRounds "9"]
[EventCountry "YUG"]
[SourceTitle "CBM 108 Extra"]
[Source "ChessBase"]
[SourceDate "2005.11.04"]
[SourceVersion "1"]
[SourceVersionDate "2005.11.04"]
[SourceQuality "1"]

1. e4 c5 2. Nf3 Nc6 3. d4 cxd4 4. Nxd4 Nf6 5. Nc3 e5 6. Ndb5 d6 7. Bg5 a6 8. Na3 b5 9. Bxf6 gxf6 10. Nd5 Bg7 11. c3 f5 12. exf5 Bxf5 13. Nc2 0-0 14. g3 Be4 15. f3 Bxd5 16. Qxd5 Ne7 17. Qd2 d5 18. 0-0-0 Qb6 19. f4 d4 20. cxd4 exd4 21. Kb1 d3 22. Bxd3 Rfd8 23. Qe3 Qf6 24. Qe5 Qc6 25. Qe4 Nd5 26. Qe1 Re8 27. Qd2 Rad8 28. Rhe1 Rxe1 29. Nxe1 b4 30. Rc1 Qf6 31. Nf3 Nc3+ 32. Ka1 Nxa2 33. Kxa2 b3+ 34. Kb1 Qd6 35. Rd1 Qc6 36. Bxh7+ Kxh7 37. Ng5+ Kg6 38. f5+ Kxf5 39. Qf4+ Kg6 40. Rc1 Qd5 41. h4 Qf5+ 42. Qxf5+ Kxf5 43. Rf1+ Kg6 44. Ne4 f5 45. Nc3 Rd2 46. Rf4 Rg2 47. h5+ Kg5 48. Kc1 Rxg3 49. Ra4 Bxc3 50. bxc3 Rxc3+ 51. Kb2 Rh3 52. Rxa6 Kxh5 0-1

[Event "GER-ch U18 Girls"]
[Site "Willingen"]
[Date "2005.05.19"]
[Round "7"]
[White "Dietzen, Corinna"]
[Black "Romakin, Helene"]
[Result "1-0"]
[WhiteElo "1895"]
[BlackElo "2013"]
[PlyCount "79"]
[EventDate "2005.05.14"]
[EventType "swiss"]
[EventRounds "9"]
[EventCountry "GER"]
[SourceTitle "CBM 106 Extra"]
[Source "ChessBase"]
[SourceDate "2005.07.01"]
[SourceVersion "1"]
[SourceVersionDate "2005.07.01"]
[SourceQuality "1"]

1. Nf3 c5 2. c4 d6 3. Nc3 g6 4. g3 Bg7 5. Bg2 Nc6 6. d3 e5 7. 0-0 Nge7 8. Rb1 0-0 9. Ne1 Be6 10. Nd5 Rb8 11. f4 Qd7 12. e4 f5 13. Nxe7+ Nxe7 14. Nf3 fxe4 15. dxe4 Bxc4 16. Re1 Bxa2 17. Ra1 Be6 18. fxe5 dxe5 19. Be3 Qb5 20. Qd6 Bg4 21. Nxe5 Bxe5 22. Qxe5 Nc6 23. Qxc5 Qxb2 24. Qc4+ Kh8 25. Ra2 Qf6 26. Rf2 Be6 27. Qc5 Qg7 28. Ref1 Rxf2 29. Rxf2 Rd8 30. Bg5 Rd1+ 31. Bf1 Kg8 32. Bf6 Qd7 33. Bb2 Bf7 34. Ba3 Qe8 35. Qc2 Qd7 36. e5 Nxe5 37. Qc5 Qe8 38. Re2 Rd5 39. Qxa7 Qc8 40. Qf2 1-0

[Event "GER-ch U18 Girls"]
[Site "Willingen"]
[Date "2005.05.17"]
[Round "5"]
[White "Butschek, Tanja"]
[Black "Romakin, Helene"]
[Result "0-1"]
[WhiteElo "2025"]
[BlackElo "2013"]
[PlyCount "78"]
[EventDate "2005.05.14"]
[EventType "swiss"]
[EventRounds "9"]
[EventCountry "GER"]
[SourceTitle "CBM 106 Extra"]
[Source "ChessBase"]
[SourceDate "2005.07.01"]
[SourceVersion "1"]
[SourceVersionDate "2005.07.01"]
[SourceQuality "1"]

1. e4 c5 2. Nf3 d6 3. Bb5+ Bd7 4. Bxd7+ Qxd7 5. 0-0 Nc6 6. c3 Nf6 7. d4 Nxe4 8. d5 Ne5 9. Re1 Nf6 10. Nxe5 dxe5 11. c4 0-0-0 12. Nc3 e6 13. Bg5 h6 14. Bh4 Be7 15. dxe6 Qxe6 16. Qa4 a6 17. Bg3 Bd6 18. Rad1 h5 19. f4 h4 20. Bf2 Ng4 21. Rd5 Nxf2 22. Kxf2 Bc7 23. fxe5 Rxd5 24. Nxd5 Bxe5 25. Qc2 Bg3+ 26. hxg3 hxg3+ 27. Kf3 Qxe1 28. Qf5+ Qe6 29. Qxe6+ fxe6 30. Ne7+ Kd7 31. Ng6 Rh1 32. a3 Kd6 33. Nf4 Rb1 34. Nd3 e5 35. b4 b6 36. bxc5+ bxc5 37. Ke4 Ra1 38. a4 Rf1 39. a5 Rf2 0-1

[Event "Halle-chT (Women)"]
[Site "Halle"]
[Date "2005.04.17"]
[Round "5.1"]
[White "Romakin, Helene"]
[Black "Skibbe, Diana"]
[Result "1-0"]
[WhiteElo "2013"]
[BlackElo "2094"]
[PlyCount "79"]
[EventDate "2005.04.14"]
[EventType "team"]
[EventRounds "5"]
[EventCountry "GER"]
[SourceTitle "CBM 105 Extra"]
[Source "ChessBase"]
[SourceDate "2005.05.01"]
[SourceVersion "1"]
[SourceVersionDate "2005.05.01"]
[SourceQuality "1"]

1. c4 Nf6 2. Nf3 g6 3. b3 Bg7 4. Bb2 0-0 5. g3 d6 6. Bg2 e5 7. d3 c6 8. Nbd2 Nbd7 9. 0-0 Re8 10. Qc2 d5 11. cxd5 Nxd5 12. Nc4 Qc7 13. Rac1 b5 14. Ncxe5 Nxe5 15. Nxe5 Rxe5 16. Bxe5 Qxe5 17. Qxc6 Nb6 18. d4 Qe7 19. Qxb5 Bb7 20. d5 Qe5 21. Rfd1 Rd8 22. a4 Bc8 23. a5 Bd7 24. Qd3 Nc8 25. e4 Nd6 26. Rc2 Bb5 27. Qe3 a6 28. f4 Qe7 29. e5 f6 30. e6 f5 31. Qb6 Ne8 32. Bf1 Rd6 33. Qb8 Rd8 34. Rc8 Rxc8 35. Qxc8 Bxf1 36. Kxf1 Bf8 37. Qxa6 Qb4 38. Qc4 Qb7 39. a6 Qa7 40. e7 1-0

[Event "GER-ch U18 Girls"]
[Site "Willingen"]
[Date "2004.06.02"]
[Round "7"]
[White "Schulz, Stefanie"]
[Black "Romakin, Helene"]
[Result "1/2-1/2"]
[WhiteElo "2079"]
[BlackElo "2061"]
[PlyCount "87"]
[EventDate "2004.06.??"]
[EventType "swiss"]
[EventRounds "9"]
[EventCountry "GER"]
[SourceTitle "EXT 2005"]
[Source "ChessBase"]
[SourceDate "2004.11.15"]
[SourceVersion "1"]
[SourceVersionDate "2004.11.15"]
[SourceQuality "1"]

1. d4 Nf6 2. Nc3 c5 3. d5 d6 4. e4 g6 5. h3 Bg7 6. Nf3 0-0 7. Be2 Na6 8. Bf4 Nc7 9. a4 Rb8 10. 0-0 b6 11. Qd2 Re8 12. Rfe1 Bb7 13. Bc4 a6 14. Rab1 Ba8 15. Qd3 Qc8 16. b4 cxb4 17. Rxb4 Nd7 18. Qd2 b5 19. Ba2 a5 20. Rbb1 b4 21. Nd1 Nc5 22. Bb3 Qd7 23. Nd4 Rbc8 24. Nb2 Bxd4 25. Qxd4 e5 26. dxe6 N7xe6 27. Qxd6 Qxd6 28. Bxd6 Nxe4 29. Rbd1 Rcd8 30. Nc4 Rd7 31. f3 Nc3 32. Rc1 Bd5 33. Bg3 Ra7 34. Bf2 Ra6 35. Nb6 Bxb3 36. cxb3 Rd8 37. Nc4 Nf4 38. Rc2 Nd3 39. Re7 Nxf2 40. Kxf2 Kf8 41. Re5 Rc8 42. Rd2 Nxa4 43. Rxa5 Rxa5 44. Nxa5 1/2-1/2

[Event "GER-ch U18 Girls"]
[Site "Willingen"]
[Date "2004.06.01"]
[Round "6"]
[White "Romakin, Helene"]
[Black "Frey, Claudia"]
[Result "1-0"]
[WhiteElo "2061"]
[BlackElo "1874"]
[PlyCount "69"]
[EventDate "2004.06.??"]
[EventType "swiss"]
[EventRounds "9"]
[EventCountry "GER"]
[SourceTitle "EXT 2005"]
[Source "ChessBase"]
[SourceDate "2004.11.15"]
[SourceVersion "1"]
[SourceVersionDate "2004.11.15"]
[SourceQuality "1"]

1. c4 e6 2. Nf3 d5 3. b3 c6 4. g3 f5 5. Bg2 Nf6 6. Bb2 Bd6 7. 0-0 0-0 8. d3 Qe7 9. Nc3 e5 10. cxd5 cxd5 11. Nb5 Nc6 12. Nxd6 Qxd6 13. Rc1 Kh8 14. Qc2 Be6 15. Qb1 Rac8 16. Qa1 d4 17. Nd2 Bd5 18. Nc4 Qd7 19. a4 Bxg2 20. Kxg2 Nd5 21. a5 f4 22. f3 h5 23. Qa4 a6 24. Rh1 Rce8 25. Rcg1 Rf6 26. Kf2 Rg6 27. Nd2 Ne3 28. Ne4 Rf8 29. Bc1 Qd5 30. Bd2 Ne7 31. Bb4 Rf7 32. Qe8+ Ng8 33. gxf4 Rxg1 34. Rxg1 Kh7 35. Ng5+ 1-0

[Event "GER-ch U18 Girls"]
[Site "Willingen"]
[Date "2004.05.30"]
[Round "2"]
[White "Romakin, Helene"]
[Black "Zhang, Fan"]
[Result "0-1"]
[WhiteElo "2061"]
[BlackElo "1860"]
[PlyCount "108"]
[EventDate "2004.06.??"]
[EventType "swiss"]
[EventRounds "9"]
[EventCountry "GER"]
[SourceTitle "EXT 2005"]
[Source "ChessBase"]
[SourceDate "2004.11.15"]
[SourceVersion "1"]
[SourceVersionDate "2004.11.15"]
[SourceQuality "1"]

1. e4 e6 2. d4 d5 3. Nc3 Nf6 4. e5 Nfd7 5. f4 c5 6. Nf3 Nc6 7. Be3 Rb8 8. Qd2 Qa5 9. Be2 b5 10. 0-0 b4 11. Nd1 Ba6 12. Bxa6 Qxa6 13. Nf2 Qb5 14. dxc5 Bxc5 15. Bxc5 Nxc5 16. Nd4 Nxd4 17. Qxd4 0-0 18. Ng4 a5 19. f5 Ne4 20. Kh1 Qc5 21. Qd3 f6 22. fxe6 fxe5 23. Nxe5 Rxf1+ 24. Rxf1 Nf2+ 25. Rxf2 Qxf2 26. Nf3 Qc5 27. Ng5 g6 28. Qf3 Rf8 29. Nf7 Qxc2 30. h3 Qc1+ 31. Kh2 Qc7+ 32. Kh1 Qc1+ 33. Kh2 Qc7+ 34. Kh1 Rxf7 35. exf7+ Qxf7 36. Qe3 Qd7 37. Qd4 Kf7 38. Qf2+ Ke8 39. Qd4 Ke7 40. Qe5+ Kf7 41. Qd4 h5 42. Kg1 Qf5 43. Qa7+ Ke6 44. Qxa5 Qb1+ 45. Kf2 Qxb2+ 46. Kf3 Qc3+ 47. Ke2 Qa3 48. Qb6+ Kf5 49. Qf2+ Ke5 50. Kd1 Qd3+ 51. Kc1 Qd4 52. Qe2+ Kf5 53. Qc2+ Kg5 54. g3 Qc4 0-1

[Event "BL2 Gr3 0304 (Women)"]
[Site "Germany"]
[Date "2004.03.14"]
[Round "7.3"]
[White "Romakin, Helene"]
[Black "Bade, Heidrun"]
[Result "1-0"]
[WhiteElo "2061"]
[BlackElo "2002"]
[PlyCount "67"]
[EventDate "2003.10.25"]
[EventType "team-tourn"]
[EventRounds "7"]
[EventCountry "GER"]
[SourceTitle "EXT 2006"]
[Source "ChessBase"]
[SourceDate "2005.11.24"]
[SourceVersion "1"]
[SourceVersionDate "2005.11.24"]
[SourceQuality "1"]
[WhiteTeam "Lehrte (W)"]
[BlackTeam "Potsdam (W)"]
[WhiteTeamCountry "GER"]
[BlackTeamCountry "GER"]

1. e4 e5 2. Nf3 Nc6 3. Bb5 a6 4. Ba4 Nf6 5. 0-0 b5 6. Bb3 Be7 7. Re1 0-0 8. c3 d5 9. exd5 e4 10. Ng5 Ne5 11. Nxe4 Bd6 12. d4 Nxe4 13. dxe5 Nxf2 14. Kxf2 Qh4+ 15. Kg1 Bg4 16. Qd2 Bc5+ 17. Kh1 Rae8 18. Bd1 Bf2 19. Rf1 Bg3 20. h3 Bxd1 21. Qxd1 Rxe5 22. Qf3 g6 23. Nd2 Rh5 24. Qe4 Qd8 25. Qg4 Rg5 26. Qf3 Be5 27. Ne4 Rf5 28. Qe2 Rxf1+ 29. Qxf1 g5 30. Nc5 Qxd5 31. Nxa6 Rd8 32. Bxg5 Rd7 33. Nb4 Qb7 34. Qe2 1-0

[Event "GER-chT U16"]
[Site "Greifswald"]
[Date "2003.12.29"]
[Round "6.3"]
[White "Krutwig, Longlong"]
[Black "Romakin, Helene"]
[Result "1-0"]
[WhiteElo "1928"]
[BlackElo "2081"]
[PlyCount "85"]
[EventDate "2003.12.27"]
[EventType "team-swiss"]
[EventRounds "7"]
[EventCountry "GER"]
[SourceTitle "EXT 2022"]
[Source "ChessBase"]
[SourceDate "2021.10.06"]
[SourceVersion "1"]
[SourceVersionDate "2021.10.06"]
[SourceQuality "1"]
[WhiteTeam "Koeln Muelheim U16"]
[BlackTeam "Hannover Post U16"]
[WhiteTeamCountry "GER"]
[BlackTeamCountry "GER"]

1. d4 Nf6 2. Nf3 c5 3. c3 g6 4. Bf4 cxd4 5. cxd4 Bg7 6. Nc3 d6 7. e4 Qb6 8. Qd2 0-0 9. h3 Nbd7 10. Bc4 e5 11. Be3 Qb4 12. Bb3 Re8 13. 0-0 Nb6 14. Qc2 Bd7 15. a3 Qa5 16. Ba2 Na4 17. b4 Qc7 18. Rac1 Rec8 19. Bxf7+ Kf8 20. Bd2 Nxc3 21. Bxc3 exd4 22. Qb3 dxc3 23. Ng5 h6 24. Bg8 d5 25. Ne6+ Bxe6 26. Bxe6 Qc4 27. Qd1 Rd8 28. exd5 Ne8 29. Qf3+ Bf6 30. Rfe1 Rd6 31. Re4 Qc7 32. Rg4 Kg7 33. Qf5 g5 34. h4 Ra6 35. hxg5 hxg5 36. Rxg5+ Bxg5 37. Qxg5+ Kf8 38. Qg8+ Ke7 39. Re1 Kf6 40. Qf8+ Kg6 41. Qf5+ Kg7 42. Qg5+ Kh7 43. Re3 1-0

[Event "GER-chT U16"]
[Site "Greifswald"]
[Date "2003.12.27"]
[Round "2.3"]
[White "Augner, Bjoern"]
[Black "Romakin, Helene"]
[Result "0-1"]
[WhiteElo "1759"]
[BlackElo "2081"]
[PlyCount "44"]
[EventDate "2003.12.27"]
[EventType "team-swiss"]
[EventRounds "7"]
[EventCountry "GER"]
[SourceTitle "EXT 2022"]
[Source "ChessBase"]
[SourceDate "2021.10.06"]
[SourceVersion "1"]
[SourceVersionDate "2021.10.06"]
[SourceQuality "1"]
[WhiteTeam "Conweiler U16"]
[BlackTeam "Hannover Post U16"]
[WhiteTeamCountry "GER"]
[BlackTeamCountry "GER"]

1. Nf3 Nf6 2. g3 g6 3. Bg2 Bg7 4. 0-0 0-0 5. c4 c5 6. d4 d6 7. Nc3 cxd4 8. Nxd4 a6 9. Qc2 Qc7 10. b3 Bd7 11. Bb2 Nc6 12. Rfd1 Nxd4 13. Rxd4 Bc6 14. e4 Rfc8 15. Rad1 Rab8 16. R4d2 b5 17. cxb5 axb5 18. Qb1 Qa7 19. Kh1 Ra8 20. Bc1 Ng4 21. Qb2 b4 22. Nb5 Bxb5 0-1

[Event "GER-chT U16"]
[Site "Verden"]
[Date "2003.07.07"]
[Round "6.3"]
[White "Romakin, Helene"]
[Black "Alker, Dennis"]
[Result "1-0"]
[WhiteElo "1939"]
[BlackElo "1183"]
[PlyCount "41"]
[EventDate "2003.07.05"]
[EventType "team"]
[EventRounds "7"]
[EventCountry "GER"]
[SourceTitle "EXT 2005"]
[Source "ChessBase"]
[SourceDate "2004.11.15"]
[SourceVersion "1"]
[SourceVersionDate "2004.11.15"]
[SourceQuality "1"]

1. e4 e5 2. Nf3 Nf6 3. Nxe5 d6 4. Nf3 Nxe4 5. d4 d5 6. Bd3 Bf5 7. 0-0 Be7 8. c4 Nc6 9. Re1 0-0 10. Nc3 Nxc3 11. bxc3 Bxd3 12. Qxd3 dxc4 13. Qxc4 Bd6 14. Qd3 Ne7 15. Ng5 Ng6 16. h4 h6 17. h5 hxg5 18. hxg6 f6 19. Qh3 Re8 20. Qh7+ Kf8 21. Qh8# 1-0

[Event "GER-ch U16 Girls"]
[Site "Willingen"]
[Date "2003.06.14"]
[Round "9"]
[White "Romakin, Helene"]
[Black "Krege, Sandra"]
[Result "1-0"]
[WhiteElo "1865"]
[BlackElo "1902"]
[PlyCount "86"]
[EventDate "2003.06.08"]
[EventType "swiss"]
[EventRounds "9"]
[EventCountry "GER"]
[SourceTitle "CBM 094 Extra"]
[Source "ChessBase"]
[SourceDate "2003.07.09"]
[SourceVersion "2"]
[SourceVersionDate "2003.07.09"]
[SourceQuality "1"]

1. e4 e5 2. Nf3 Qe7 3. c4 d6 4. g3 c6 5. Nc3 g6 6. Bg2 Bg7 7. 0-0 Nh6 8. d4 f6 9. h3 0-0 10. Be3 Nd7 11. Qd2 Nf7 12. Rad1 Rd8 13. Rfe1 Nf8 14. Qc1 Kh8 15. Kh2 Qc7 16. b3 b6 17. Re2 Bb7 18. Red2 Rac8 19. d5 c5 20. h4 Ra8 21. Ng1 Bc8 22. Rf1 Qe7 23. Re2 f5 24. Nh3 h6 25. f3 Nh7 26. Rh1 Qf6 27. Bd2 f4 28. gxf4 Qxh4 29. Kg1 Qf6 30. fxe5 Qxe5 31. Qe1 Kg8 32. Nf4 Qf6 33. Nd3 g5 34. Nd1 Qg6 35. Bc3 Ne5 36. Nxe5 Bxe5 37. Bxe5 dxe5 38. Qg3 Re8 39. Bh3 Kg7 40. Ne3 Nf6 41. Bxc8 Nh5 42. Rxh5 Qxh5 43. Rh2 Qg6 1-0

[Event "GER-ch U16 Girls"]
[Site "Willingen"]
[Date "2003.06.10"]
[Round "5"]
[White "Krenz, Sarah"]
[Black "Romakin, Helene"]
[Result "1/2-1/2"]
[WhiteElo "1755"]
[BlackElo "1865"]
[PlyCount "78"]
[EventDate "2003.06.08"]
[EventType "swiss"]
[EventRounds "9"]
[EventCountry "GER"]
[SourceTitle "CBM 094 Extra"]
[Source "ChessBase"]
[SourceDate "2003.07.09"]
[SourceVersion "2"]
[SourceVersionDate "2003.07.09"]
[SourceQuality "1"]

1. d4 Nf6 2. Nf3 c5 3. g3 g6 4. Bg2 Bg7 5. 0-0 cxd4 6. Nxd4 0-0 7. c4 d6 8. Nc3 a6 9. e3 Qc7 10. Qe2 Bg4 11. Qd3 Nbd7 12. b3 Rac8 13. h3 Nc5 14. Qd2 Bd7 15. Bb2 Bc6 16. Nxc6 bxc6 17. Rac1 a5 18. Rfd1 Qb6 19. Ba3 Nfd7 20. Ne2 Rc7 21. Nd4 Ne5 22. Qe2 Rb8 23. f4 Ned7 24. Qf3 e5 25. Nc2 Bf8 26. Bxc5 Nxc5 27. fxe5 dxe5 28. Qf6 Nd7 29. Qf2 Bc5 30. Kh2 Re8 31. Rf1 Nf8 32. Rcd1 Ne6 33. Qf6 Ng7 34. Rd8 Rxd8 35. Qxd8+ Bf8 36. Qf6 Nf5 37. Rxf5 gxf5 38. Qg5+ Kh8 39. Qf6+ Kg8 1/2-1/2